Մալարիա : (Record no. 78755)
[ view plain ]
| 000 -LEADER | |
|---|---|
| fixed length control field | 01120nam a2200253 u 4500 |
| 001 - CONTROL NUMBER | |
| control field | 000224123 |
| 003 - CONTROL NUMBER IDENTIFIER | |
| control field | AM-YeHGA |
| 005 - DATE AND TIME OF LATEST TRANSACTION | |
| control field | 20250618071532.0 |
| 008 - FIXED-LENGTH DATA ELEMENTS--GENERAL INFORMATION | |
| fixed length control field | 030512s1941 ai ||||gr|||||||||0|arm|d |
| 040 ## - CATALOGING SOURCE | |
| Original cataloging agency | AM-YeHGA |
| 041 0# - LANGUAGE CODE | |
| Language code of text/sound track or separate title | arm |
| 090 ## - LOCALLY ASSIGNED LC-TYPE CALL NUMBER (OCLC); LOCAL CALL NUMBER (RLIN) | |
| -- | 80014 |
| 245 00 - TITLE STATEMENT | |
| Title | Մալարիա : |
| Remainder of title | Տրոպիկ. հիվանդ. ձեռնարկ : |
| Number of part/section of a work | Մաս 1 / |
| Statement of responsibility, etc. | Կազմ.՚ Ե.Գ. Կարապետյան, Լ.Ա. Հովհաննիսյան, և ուրիշներ; Խմբ.՚ Խ.Ն. Փիրումով. |
| 260 ## - PUBLICATION, DISTRIBUTION, ETC. | |
| Place of publication, distribution, etc. | Երևան : |
| Name of publisher, distributor, etc. | Հայպետհրատ, |
| Date of publication, distribution, etc. | 1941. |
| 300 ## - PHYSICAL DESCRIPTION | |
| Extent | 248 էջ : |
| Other physical details | աղս. ; |
| Dimensions | 26 սմ. |
| 650 14 - SUBJECT ADDED ENTRY--TOPICAL TERM | |
| Topical term or geographic name entry element | Մալարիա |
| 9 (RLIN) | 5539 |
| 650 14 - SUBJECT ADDED ENTRY--TOPICAL TERM | |
| Topical term or geographic name entry element | Ինֆեկցիոն հիվանդություններ |
| General subdivision | Մալարիա |
| 700 1# - ADDED ENTRY--PERSONAL NAME | |
| Personal name | Կարապետյան, Ե.Գ. |
| Relator term | կազմ. |
| Relationship | com |
| 700 1# - ADDED ENTRY--PERSONAL NAME | |
| Personal name | Հովհաննիսյան, Լևոն Անդրեասի, |
| Dates associated with a name | 1885-1970 |
| Relator term | կազմ. |
| Relationship | com |
| 9 (RLIN) | 1979 |
| 700 1# - ADDED ENTRY--PERSONAL NAME | |
| Personal name | Մատթևոսյան, Շ.Մ. |
| Relator term | կազմ. |
| Relationship | com |
| 700 1# - ADDED ENTRY--PERSONAL NAME | |
| Personal name | Միրզոյան, Ա.Ա. |
| Relator term | կազմ. |
| Relationship | com |
| 700 1# - ADDED ENTRY--PERSONAL NAME | |
| Personal name | Փիրումով, Քրիստափոր Նիկոլայի, |
| Dates associated with a name | 1895-1985 |
| Relator term | կազմ., խմբ. |
| Relationship | com |
| -- | edt |
| 9 (RLIN) | 2635 |
| 942 ## - ADDED ENTRY ELEMENTS (KOHA) | |
| Source of classification or shelving scheme | Universal Decimal Classification |
| Koha item type | Գրքեր / Books |
| Withdrawn status | Lost status | Damaged status | Not for loan | Collection | Home library | Current library | Date acquired | Total checkouts | Full call number | Barcode | Date last seen | Price effective from | Koha item type | Public note |
|---|---|---|---|---|---|---|---|---|---|---|---|---|---|---|
| General | Fundamental Scientific Library | Fundamental Scientific Library | 22/12/2016 | AIII/1153 | FL0058476 | 22/12/2016 | 22/12/2016 | Գրքեր / Books | 30 Days Loan | |||||
| General | Fundamental Scientific Library | Fundamental Scientific Library | 22/12/2016 | AIII/2913 | FL0068049 | 22/12/2016 | 22/12/2016 | Գրքեր / Books | 30 Days Loan |
ՀՀ Գիտությունների ազգային ակադեմիայի հիմնարար գիտական գրադարան = Fundamental Scientific Library of NAS RA
All site content, except where otherwise noted, is licensed under a